000 00419nam a2200157Ia 4500
008 230917s9999||||xx |||||||||||||| ||und||
040 _e81357
_aMAIN
041 _aEnglish
082 _a342.54 S36C
100 _aSeervai, H M
245 0 _aConstitutional law of India: A critical commentary. 2V
250 _a2nd ed.
260 _aBombay
_bN M Tripathi
_c1976
300 _axxxvi, 1-748 p. ; 749-1580
942 _cBK
999 _c190085
_d190085